00696nam a22001817a 4500082003100000100002200031245004500053250001200098260005700110300003200167526003700199526003700236650001300273942001200286999001900298952009800317952009900415 a624.15136bPROcL-16, P-31 aA. S. T. M940881 aProcedures for testing soilscA. S. T. M a4th ed. aUSAbAmerican society for testing ans materialc1964 aviii, 540 p.bill.c24 cm.. a0b0c0d624_151360000000000_PRO a0b0c0d624_151360000000000_PRO aMCE9379 2ddccBK c546374d546374 00102ddc4070aMCEbMCEd2014-06-11l0o624.15136 PROpMCE-3225r2014-06-11w2014-06-11yBK 00102ddc4070aMCEbMCEd2014-06-11l0o624.15136 PROpMCE-33405r2014-06-11w2014-06-11yBK